Biggest Cities On Islands - Statistics

General Stats
  • This quiz has been taken 89 times
  • The average score is 16 of 20
Answer Stats
Island City % Correct
Great Britain London
100%
Java Jakarta
99%
Singapore Singapore
99%
Taiwan Taipei
99%
Honshu Tokyo
99%
Hong Kong Island Hong Kong
98%
Manhattan New York City
96%
Luzon Manila
95%
Honshu Osaka
94%
Island of Montreal Montreal
91%
Hispaniola Port-au-Prince
91%
Sri Lanka Colombo
89%
Great Britain Birmingham
88%
Hispaniola Santo Domingo
85%
Honshu Nagoya
79%
Java Surabaya
61%
Java Bandung
56%
Sumatra Medan
50%
Salsette Mumbai
41%
Amoy Island Xiamen
29%
No matching quizzes found
Score Distribution
Percent of People with Each Score
Percentile by Number Answered
Your Score History
You have not taken this quiz